Normal view
MARC view
- Davide Maltoni
Entry Personal Name
001 - CONTROL NUMBER
- control field: 124706
003 - CONTROL NUMBER IDENTIFIER
- control field: NUST
005 - DATE AND TIME OF LATEST TRANSACTION
- control field: 20240722121003.0
008 - FIXED-LENGTH DATA ELEMENTS
- fixed length control field: 240722|| aca||aabn | a|a d
040 ## - CATALOGING SOURCE
- Original cataloging agency: NUST
- Transcribing agency: NUST
100 ## - HEADING--PERSONAL NAME
- Personal name: Davide Maltoni
670 ## - SOURCE DATA FOUND
- Source citation: Work cat.: (NUST): Davide Maltoni, Handbook of fingerprint recognition , 2009.
